书目信息 |
| 题名: |
艺术史上的七次谈话
|
|
| 作者: | 雷诺兹 著 ;邮亭 译 | |
| 分册: | ||
| 出版信息: | 北京 中国人民大学出版社 2004 |
|
| 页数: | 222页 | |
| 开本: | 24cm | |
| 丛书名: | 朗朗书房 | |
| 单 册: | ||
| 中图分类: | J202 | |
| 科图分类: | ||
| 主题词: | 绘画理论 , 油画--美术批评--西方国家 , 油画 , 美术批评 | |
| 电子资源: | ||
| ISBN: | 7-300-05363-7 | |
| 000 | 01091oam2 2200313 450 | |
| 001 | 1262932073 | |
| 005 | 20121019172930.75 | |
| 010 | @a7-300-05363-7@dCNY49.80 | |
| 100 | @a20040520d2004 em y0chiy0110 ea | |
| 101 | 1 | @achi@ceng |
| 102 | @aCN@b110000 | |
| 105 | @aa z 000yy | |
| 200 | 1 | @a艺术史上的七次谈话@9yi shu shi shang de qi ci tan hua@e雷诺兹给予画家如何奠定艺术基础的忠告@f(英)约书亚·雷诺兹(Sir Joshua Reynolds)著@g庞洵译 |
| 210 | @a北京@c中国人民大学出版社@d2004 | |
| 215 | @a222页@c图@d24cm | |
| 225 | 2 | @a朗朗书房@i西方艺术史论名著 |
| 308 | @a丛书第二辑 | |
| 330 | @a该书收录了七次谈话内容。收录的演讲中包含了许多当代艺术评论的准则等内容。 | |
| 462 | 0 | @12001 @a朗朗书房@i西方艺术史论名著 |
| 510 | 1 | @aSeven Discourses on Art by Sir Joshua Reynolds@zeng |
| 606 | 0 | @a绘画理论 |
| 606 | 0 | @a油画@x美术批评@y西方国家 |
| 606 | 0 | @a油画 |
| 606 | 0 | @a美术批评 |
| 690 | @aJ202@v4 | |
| 701 | 0 | @c(英)@a雷诺兹@9lei nuo zi@c(Reynolds,Joshua@f1723~1792)@4著 |
| 702 | 0 | @a邮亭@9you ting@c(女)@4译 |
| 801 | 0 | @aCN@bTSSF@c20040610 |
| 905 | @a10447@dJ202@eJY248 | |
| 艺术史上的七次谈话:雷诺兹给予画家如何奠定艺术基础的忠告/(英)约书亚·雷诺兹(Sir Joshua Reynolds)著/庞洵译.-北京:中国人民大学出版社,2004 |
| 222页:图;24cm.-(朗朗书房.西方艺术史论名著) |
| ISBN 7-300-05363-7:CNY49.80 |
| 该书收录了七次谈话内容。收录的演讲中包含了许多当代艺术评论的准则等内容。 |
| ● |
| 相关链接 |
|
|
|
|
正题名:艺术史上的七次谈话
索取号:J202/JY248
 
预约/预借
| 序号 | 登录号 | 条形码 | 馆藏地/架位号 | 状态 | 备注 |
| 1 | 7833136 | 278331360 | 学院路分馆/ [索取号:J202/JY248] | 在馆 | |
| 2 | 7833137 | 278331379 | 学院路分馆/ [索取号:J202/JY248] | 在馆 | |
| 3 | 7833138 | 278331388 | 学院路分馆/ [索取号:J202/JY248] | 在馆 | |
| 4 | 7833139 | 278331397 | 学院路分馆/ [索取号:J202/JY248] | 在馆 | |
| 5 | 7833140 | 278331404 | 学院路分馆/ [索取号:J202/JY248] | 在馆 | |
| 6 | 7833141 | 278331413 | 学院路分馆/ [索取号:J202/JY248] | 在馆 | |
| 7 | 7833142 | 278331422 | 学院路分馆/ [索取号:J202/JY248] | 在馆 |